00227nam a22000617a 4500245014500000300001000145650001000155 aSouth African sugar technologists Association proceedings of the sixtieth annual congress held at Durban and Mount Edgecombe 16-19 June 1986 a258 p aSugar